LIBRARY & INFORMATION CENTRE, KCAET, TAVANUR

ONLINE PUBLIC ACCESS CATALOGUE (OPAC)

Text book of machine drawing: First angle projection / (Record no. 5611)

MARC details
000 -LEADER
fixed length control field 00485cam a2200181ua 4500
020 ## - INTERNATIONAL STANDARD BOOK NUMBER
ISBN 81-86321-33-0
041 ## - LANGUAGE CODE
Language code of text/sound track or separate title eng
082 ## - DEWEY DECIMAL CLASSIFICATION NUMBER
Classification number 621.815
Item number LAK/TE
100 ## - MAIN ENTRY--AUTHOR NAME
Personal name Lakshminarayanan, V .
245 ## - TITLE STATEMENT
Title Text book of machine drawing: First angle projection /
250 ## - EDITION STATEMENT
Edition statement 12 /
260 ## - PUBLICATION, DISTRIBUTION, ETC. (IMPRINT)
Place of publication New Delhi :
Name of publisher Jain Brothers ,
Year of publication 2001.
300 ## - PHYSICAL DESCRIPTION
Number of Pages 667 ; .
700 1# - ADDED ENTRY--PERSONAL NAME
Personal name Mathur, M L .
942 ## - ADDED ENTRY ELEMENTS (KOHA)
Koha item type Books
Holdings
Withdrawn status Lost status Damaged status Home library Current library Date acquired Full call number Accession Number Koha item type
      KAUAET KAUAET 07/04/2012 621.815 20679 Books
free website counter